<?xml version="1.0" encoding="UTF-8"?>
<record
    xmlns:xsi="http://www.w3.org/2001/XMLSchema-instance"
    xsi:schemaLocation="http://www.loc.gov/MARC21/slim http://www.loc.gov/standards/marcxml/schema/MARC21slim.xsd"
    xmlns="http://www.loc.gov/MARC21/slim">

  <leader>00748nam a22002417a 4500</leader>
  <controlfield tag="003">OSt</controlfield>
  <controlfield tag="005">20251106121243.0</controlfield>
  <controlfield tag="008">250905t2008    br ao|||r|||| 00| 1 por d</controlfield>
  <datafield tag="020" ind1=" " ind2=" ">
    <subfield code="a">978-85-232-0493-8</subfield>
  </datafield>
  <datafield tag="040" ind1=" " ind2=" ">
    <subfield code="c">AR-RoUNCS</subfield>
    <subfield code="a">AR-RoUNCS</subfield>
  </datafield>
  <datafield tag="080" ind1=" " ind2=" ">
    <subfield code="0">821.134.3(81)-34</subfield>
  </datafield>
  <datafield tag="100" ind1="0" ind2=" ">
    <subfield code="a">VigaGordhilho.</subfield>
  </datafield>
  <datafield tag="245" ind1="1" ind2="0">
    <subfield code="a">Onde as casas se vestem de c&#xE9;u? :</subfield>
    <subfield code="b">um conto para todas as idades /</subfield>
    <subfield code="c">VigaGordilho.</subfield>
  </datafield>
  <datafield tag="260" ind1=" " ind2=" ">
    <subfield code="a">Salvador (Brasil) :</subfield>
    <subfield code="b">Edufba,</subfield>
    <subfield code="c">2008.</subfield>
  </datafield>
  <datafield tag="300" ind1=" " ind2=" ">
    <subfield code="a">60 p. :</subfield>
    <subfield code="b">il. col ;</subfield>
    <subfield code="c">20cm.</subfield>
  </datafield>
  <datafield tag="490" ind1="0" ind2=" ">
    <subfield code="a">Lusa um conceito azul</subfield>
    <subfield code="a">Cixas de afeto</subfield>
  </datafield>
  <datafield tag="500" ind1=" " ind2=" ">
    <subfield code="a">Contiene Folleto en Espa&#xF1;ol</subfield>
  </datafield>
  <datafield tag="546" ind1=" " ind2=" ">
    <subfield code="a">En portugu&#xE9;s.</subfield>
  </datafield>
  <datafield tag="650" ind1=" " ind2="4">
    <subfield code="a">Cuentos brasileros</subfield>
    <subfield code="y">Siglo XX</subfield>
  </datafield>
  <datafield tag="650" ind1=" " ind2="4">
    <subfield code="a">Arte y literatura</subfield>
  </datafield>
  <datafield tag="655" ind1=" " ind2="4">
    <subfield code="a">Cuentos populares</subfield>
  </datafield>
  <datafield tag="942" ind1=" " ind2=" ">
    <subfield code="2">udc</subfield>
    <subfield code="c">LPD</subfield>
    <subfield code="n">0</subfield>
  </datafield>
  <datafield tag="999" ind1=" " ind2=" ">
    <subfield code="c">575</subfield>
    <subfield code="d">575</subfield>
  </datafield>
  <datafield tag="952" ind1=" " ind2=" ">
    <subfield code="0">0</subfield>
    <subfield code="1">0</subfield>
    <subfield code="2">udc</subfield>
    <subfield code="4">0</subfield>
    <subfield code="7">0</subfield>
    <subfield code="8">CG</subfield>
    <subfield code="a">ESOCIALES</subfield>
    <subfield code="b">ESOCIALES</subfield>
    <subfield code="d">2025-09-05</subfield>
    <subfield code="e">Donaci&#xF3;n 2025, UNR</subfield>
    <subfield code="l">0</subfield>
    <subfield code="o">821.134.3(81) G661</subfield>
    <subfield code="p">000597</subfield>
    <subfield code="r">2025-09-05 14:06:00</subfield>
    <subfield code="t">Ej. 1</subfield>
    <subfield code="w">2025-09-05</subfield>
    <subfield code="y">LPD</subfield>
  </datafield>
  <datafield tag="952" ind1=" " ind2=" ">
    <subfield code="0">0</subfield>
    <subfield code="1">0</subfield>
    <subfield code="2">udc</subfield>
    <subfield code="4">0</subfield>
    <subfield code="7">0</subfield>
    <subfield code="8">CG</subfield>
    <subfield code="a">ESOCIALES</subfield>
    <subfield code="b">ESOCIALES</subfield>
    <subfield code="d">2025-09-05</subfield>
    <subfield code="e">Donaci&#xF3;n 2025, UNR</subfield>
    <subfield code="l">0</subfield>
    <subfield code="o">821.134.3(81)-34 G661</subfield>
    <subfield code="p">001100</subfield>
    <subfield code="r">2025-09-05 14:09:00</subfield>
    <subfield code="t">Ej. 2</subfield>
    <subfield code="w">2025-09-05</subfield>
    <subfield code="y">LPD</subfield>
  </datafield>
  <datafield tag="952" ind1=" " ind2=" ">
    <subfield code="0">0</subfield>
    <subfield code="1">0</subfield>
    <subfield code="2">udc</subfield>
    <subfield code="4">0</subfield>
    <subfield code="7">0</subfield>
    <subfield code="8">CG</subfield>
    <subfield code="a">ESOCIALES</subfield>
    <subfield code="b">ESOCIALES</subfield>
    <subfield code="d">2025-09-05</subfield>
    <subfield code="e">Donaci&#xF3;n 2025, UNR</subfield>
    <subfield code="l">0</subfield>
    <subfield code="o">821.134.3(81)-34 G661</subfield>
    <subfield code="p">001103</subfield>
    <subfield code="r">2025-09-05 14:10:00</subfield>
    <subfield code="t">Ej. 3</subfield>
    <subfield code="w">2025-09-05</subfield>
    <subfield code="y">LPD</subfield>
  </datafield>
  <datafield tag="952" ind1=" " ind2=" ">
    <subfield code="0">0</subfield>
    <subfield code="1">0</subfield>
    <subfield code="2">udc</subfield>
    <subfield code="4">0</subfield>
    <subfield code="7">0</subfield>
    <subfield code="8">CG</subfield>
    <subfield code="a">ESOCIALES</subfield>
    <subfield code="b">ESOCIALES</subfield>
    <subfield code="d">2025-09-05</subfield>
    <subfield code="e">Donaci&#xF3;n 2025, UNR</subfield>
    <subfield code="l">0</subfield>
    <subfield code="o">821.134.3(81)-34 G661</subfield>
    <subfield code="p">001105</subfield>
    <subfield code="r">2025-09-05 14:14:00</subfield>
    <subfield code="t">Ej. 4</subfield>
    <subfield code="w">2025-09-05</subfield>
    <subfield code="y">LPD</subfield>
  </datafield>
  <datafield tag="952" ind1=" " ind2=" ">
    <subfield code="0">0</subfield>
    <subfield code="1">0</subfield>
    <subfield code="2">udc</subfield>
    <subfield code="4">0</subfield>
    <subfield code="7">0</subfield>
    <subfield code="8">CG</subfield>
    <subfield code="a">ESOCIALES</subfield>
    <subfield code="b">ESOCIALES</subfield>
    <subfield code="d">2025-09-05</subfield>
    <subfield code="e">Donaci&#xF3;n 2025, UNR</subfield>
    <subfield code="l">0</subfield>
    <subfield code="o">821.134.3(81)-34 G661</subfield>
    <subfield code="p">001106</subfield>
    <subfield code="r">2025-09-05 14:16:00</subfield>
    <subfield code="t">Ej. 5</subfield>
    <subfield code="w">2025-09-05</subfield>
    <subfield code="y">LPD</subfield>
  </datafield>
  <datafield tag="952" ind1=" " ind2=" ">
    <subfield code="0">0</subfield>
    <subfield code="1">0</subfield>
    <subfield code="2">udc</subfield>
    <subfield code="4">0</subfield>
    <subfield code="7">0</subfield>
    <subfield code="8">CG</subfield>
    <subfield code="a">ESOCIALES</subfield>
    <subfield code="b">ESOCIALES</subfield>
    <subfield code="d">2025-09-05</subfield>
    <subfield code="e">Donaci&#xF3;n 2025, UNR</subfield>
    <subfield code="l">1</subfield>
    <subfield code="m">2</subfield>
    <subfield code="o">82-34(81) G661</subfield>
    <subfield code="p">001107</subfield>
    <subfield code="q">2027-04-30</subfield>
    <subfield code="r">2025-09-08 15:29:08</subfield>
    <subfield code="s">2025-09-08</subfield>
    <subfield code="t">Ej. 6</subfield>
    <subfield code="w">2025-09-05</subfield>
    <subfield code="y">LPD</subfield>
  </datafield>
  <datafield tag="952" ind1=" " ind2=" ">
    <subfield code="0">0</subfield>
    <subfield code="1">0</subfield>
    <subfield code="2">udc</subfield>
    <subfield code="4">0</subfield>
    <subfield code="7">0</subfield>
    <subfield code="8">CG</subfield>
    <subfield code="a">ESOCIALES</subfield>
    <subfield code="b">ESOCIALES</subfield>
    <subfield code="d">2025-09-05</subfield>
    <subfield code="e">Donaci&#xF3;n 2025, UNR</subfield>
    <subfield code="l">0</subfield>
    <subfield code="o">821.134.3(81)-34 G661</subfield>
    <subfield code="p">001189</subfield>
    <subfield code="r">2025-09-05 14:18:00</subfield>
    <subfield code="t">Ej. 7</subfield>
    <subfield code="w">2025-09-05</subfield>
    <subfield code="y">LPD</subfield>
  </datafield>
  <datafield tag="952" ind1=" " ind2=" ">
    <subfield code="0">0</subfield>
    <subfield code="1">0</subfield>
    <subfield code="2">udc</subfield>
    <subfield code="4">0</subfield>
    <subfield code="7">0</subfield>
    <subfield code="8">CG</subfield>
    <subfield code="a">ESOCIALES</subfield>
    <subfield code="b">ESOCIALES</subfield>
    <subfield code="d">2025-09-05</subfield>
    <subfield code="e">Donaci&#xF3;n 2025, UNR</subfield>
    <subfield code="l">0</subfield>
    <subfield code="o">821.134.3(81)-34 G661</subfield>
    <subfield code="p">001190</subfield>
    <subfield code="r">2025-09-05 14:20:00</subfield>
    <subfield code="t">Ej. 8</subfield>
    <subfield code="w">2025-09-05</subfield>
    <subfield code="y">LPD</subfield>
  </datafield>
  <datafield tag="952" ind1=" " ind2=" ">
    <subfield code="0">0</subfield>
    <subfield code="1">0</subfield>
    <subfield code="2">udc</subfield>
    <subfield code="4">0</subfield>
    <subfield code="7">0</subfield>
    <subfield code="8">CG</subfield>
    <subfield code="a">ESOCIALES</subfield>
    <subfield code="b">ESOCIALES</subfield>
    <subfield code="d">2025-09-05</subfield>
    <subfield code="e">Donaci&#xF3;n 2025, UNR</subfield>
    <subfield code="l">0</subfield>
    <subfield code="o">821.134.3(81)-34 G661</subfield>
    <subfield code="p">001191</subfield>
    <subfield code="r">2025-09-05 14:21:00</subfield>
    <subfield code="t">Ej. 9</subfield>
    <subfield code="w">2025-09-05</subfield>
    <subfield code="y">LPD</subfield>
  </datafield>
  <datafield tag="952" ind1=" " ind2=" ">
    <subfield code="0">0</subfield>
    <subfield code="1">0</subfield>
    <subfield code="2">udc</subfield>
    <subfield code="4">0</subfield>
    <subfield code="7">0</subfield>
    <subfield code="8">CG</subfield>
    <subfield code="a">ESOCIALES</subfield>
    <subfield code="b">ESOCIALES</subfield>
    <subfield code="d">2025-09-05</subfield>
    <subfield code="e">Donaci&#xF3;n 2025, UNR</subfield>
    <subfield code="l">0</subfield>
    <subfield code="o">821.134.3(81)-34 G661</subfield>
    <subfield code="p">001203</subfield>
    <subfield code="r">2025-09-05 14:25:00</subfield>
    <subfield code="t">Ej. 10</subfield>
    <subfield code="w">2025-09-05</subfield>
    <subfield code="y">LPD</subfield>
  </datafield>
</record>
